000
00186 a2200097 4500
020
_a
9780746034330
041
_a
spa
100
_a
Andy Dixon
245
_a
En Busca del Dragon
942
_c
K
999
_c
31384
_d
31382